| 000 | 00818nac a22002417a 4500 | ||
|---|---|---|---|
| 001 | BR3000062 | ||
| 003 | BR-BrBNA | ||
| 005 | 20240105112802.0 | ||
| 008 | 230509b bl.|||m| |||| 00| 0 por d | ||
| 040 |
_aBR-BrBNA _bpor _cBiblioteca Nacional de Agricultura |
||
| 072 | _aA00 | ||
| 090 | _aA00 BR3000062 | ||
| 110 | 1 | _aMinisterio da Agricultura, Industria e Commercio, Rio de Janeiro, GB (Brasil) | |
| 245 | 1 | _aIntroducao ao relatorio de 1929 [Ministerio da Agricultura, Industria e Commercio, Brasil] | |
| 260 | 3 |
_aRio de Janeiro, GB (Brasil): _c1930. |
|
| 300 | _a80 p. | ||
| 490 |
_aRelatorio - Ministerio da Agricultura, Industria e Commercio (Brazil) _v _x |
||
| 650 | _aDESPESA | ||
| 650 | _aCREDITO | ||
| 650 | _aORCAMENTO | ||
| 909 |
_a202312 _bLúcia Elande _c55 _dLúcia Elande |
||
| 942 |
_2AGRIS _n0 _cMS |
||
| 999 |
_c260292 _d260292 |
||